[Event "48th Biel Master Open"]
[Site "Biel SUI"]
[Date "2015.07.24"]
[Round "5.15"]
[White "Heimann, Andreas"]
[Black "Bartel, Marta"]
[Result "1-0"]
[WhiteTitle "IM"]
[BlackTitle "WGM"]
[WhiteElo "2557"]
[BlackElo "2340"]
[WhiteFideId "24624632"]
[BlackFideId "1123009"]
[EventDate "2015.07.20"]

1. e4 c5 2. Nf3 e6 3. d4 cxd4 4. Nxd4 Nc6 5. Nc3 Qc7 6. Be2 a6 7. O-O Nf6 8. Be3
Bb4 9. Nxc6 bxc6 10. Qd4 c5 11. Qc4 O-O 12. Na4 d6 13. c3 Ba5 14. e5 Nd5 15.
exd6 Nxe3 16. dxc7 Nxc4 17. Bxc4 Ra7 18. Rfe1 Bxc7 19. Nxc5 a5 20. Rad1 a4 21.
Bb5 a3 22. b4 Bd8 23. c4 Be7 24. Re3 f5 25. Kf1 f4 26. Rb3 g5 27. f3 h5 28. Ne4
g4 29. Nd6 Kg7 30. c5 gxf3 31. gxf3 e5 32. Nxc8 Rxc8 33. Rd7 Rxd7 34. Bxd7 Rb8
35. c6 Bd8 36. Ke2 Kf6 37. Kd3 Ke7 38. Kc4 Ra8 39. Rd3 Bb6 40. Bh3 Rd8 41. Rxa3
Rd2 42. Kb5 Bc7 43. Bf5 Rxh2 44. Rd3 Bd6 45. Kb6 Rxa2 46. b5 1-0

[Event "48th Biel Master Open"]
[Site "Biel SUI"]
[Date "2015.07.24"]
[Round "5.16"]
[White "Svane, Rasmus"]
[Black "Donchenko, Anatoly"]
[Result "1/2-1/2"]
[WhiteTitle "IM"]
[BlackTitle "IM"]
[WhiteElo "2531"]
[BlackElo "2326"]
[WhiteFideId "4657101"]
[BlackFideId "4106091"]
[EventDate "2015.07.20"]

1. c4 e6 2. Nc3 d5 3. d4 Nf6 4. Nf3 dxc4 5. e4 Bb4 6. Bxc4 Nxe4 7. O-O Nxc3 8.
bxc3 Be7 9. Ne5 O-O 10. Qg4 Nc6 11. Re1 Bf6 12. Rb1 Ne7 13. Ba3 c5 14. Bxc5 b6
15. Qe4 Bb7 16. Qxb7 bxc5 17. Nd7 cxd4 18. Nxf8 Qxf8 19. cxd4 Bxd4 20. Qe4 Bb6
21. Rbd1 Rd8 22. g3 Rxd1 23. Rxd1 g6 24. Bb3 Qc8 25. Kg2 h5 26. Rd2 Qc6 27. Qxc6
Nxc6 28. Kf3 Kg7 29. Ke4 f5+ 30. Kd3 Kf6 31. f4 e5 32. Kc4 Na5+ 33. Kb5 Nxb3 34.
axb3 exf4 35. gxf4 Be3 36. Rd6+ Kf7 37. Ra6 h4 38. Kc4 Bxf4 39. Rxa7+ Kf6 40.
Ra2 g5 41. b4 g4 42. b5 Bxh2 43. Rxh2 g3 44. Rc2 h3 45. b6 h2 46. b7 h1=Q 47.
b8=Q Qe4+ 48. Kc3 Qe3+ 49. Kb2 Qd4+ 50. Ka2 Qd5+ 51. Ka3 Qd3+ 52. Kb2 Qd4+ 53.
Kc1 Qa1+ 54. Kd2 Qd4+ 55. Ke1 Qe3+ 56. Kd1 Qg1+ 57. Ke2 Qg2+ 58. Kd3 Qe4+ 59.
Kd2 Qd4+ 60. Ke2 Qf2+ 61. Kd3 Qf3+ 62. Kd2 Qf2+ 63. Kc1 Qg1+ 64. Kb2 Qd4+ 65.
Kb1 Qd1+ 66. Rc1 Qd3+ 67. Ka2 Qd2+ 68. Qb2+ Qxb2+ 69. Kxb2 Kg5 70. Kc2 Kg4 71.
Kd3 g2 72. Ke2 Kg3 73. Rc8 g1=Q 74. Rg8+ Kh2 75. Rxg1 Kxg1 76. Kf3 f4 77. Kxf4 1/2-1/2

[Event "48th Biel Master Open"]
[Site "Biel SUI"]
[Date "2015.07.24"]
[Round "5.17"]
[White "Zoler, Dan"]
[Black "Griffith, Kyron W"]
[Result "1-0"]
[WhiteTitle "GM"]
[BlackTitle "FM"]
[WhiteElo "2498"]
[BlackElo "2320"]
[WhiteFideId "2800705"]
[BlackFideId "2046318"]
[EventDate "2015.07.20"]

1. d4 d5 2. c4 e6 3. Nc3 Be7 4. Nf3 Nf6 5. Bf4 O-O 6. e3 b6 7. Qc2 Bb7 8. Rd1
Nbd7 9. Bd3 dxc4 10. Bxc4 c5 11. dxc5 Bxc5 12. O-O a6 13. Ne5 Qc8 14. Nxd7 Nxd7
15. Be2 Be7 16. Qb1 Nf6 17. Rc1 Qe8 18. e4 b5 19. b4 Rd8 20. f3 Nh5 21. Be3 e5
22. g3 Qd7 23. a3 Qh3 24. Rf2 Qd7 25. Qb3 Kh8 26. a4 f5 27. exf5 bxa4 28. Nxa4
Bd5 29. Qa3 Qxf5 30. Nc5 Ra8 31. Rd1 Rfd8 32. Qc3 Bf6 33. Qe1 Bg5 34. Bxa6 Bxe3
35. Qxe3 Bc6 36. Re1 Qh3 37. Bf1 Qc8 38. b5 Bxb5 39. Bxb5 Ra5 40. Rb2 Rd5 41.
Rc1 Qb8 42. Nd7 Qb7 43. Ba4 1-0

[Event "48th Biel Master Open"]
[Site "Biel SUI"]
[Date "2015.07.24"]
[Round "5.18"]
[White "Hasenohr, Benedict"]
[Black "Cherniaev, Alexander"]
[Result "0-1"]
[WhiteTitle "FM"]
[BlackTitle "GM"]
[WhiteElo "2317"]
[BlackElo "2483"]
[WhiteFideId "1303309"]
[BlackFideId "4117301"]
[EventDate "2015.07.20"]

1. d4 Nf6 2. c4 c5 3. d5 b5 4. cxb5 a6 5. bxa6 g6 6. Nc3 Bg7 7. e4 O-O 8. Be2
Qa5 9. Bd2 Bxa6 10. Nf3 Bxe2 11. Qxe2 Qa6 12. b3 d6 13. Rb1 Qxe2+ 14. Kxe2 Ne8
15. a4 f5 16. Ng5 fxe4 17. Ngxe4 Na6 18. Nb5 Nec7 19. Nec3 Bxc3 20. Nxc3 Nb4 21.
Rhc1 Rfb8 22. Ra1 Rb7 23. Ra3 Rab8 24. a5 Ra8 25. Ra4 Ra6 26. g4 Rb8 27. h4 Kf7
28. f4 Nbxd5 29. Nxd5 Nxd5 30. Rb1 h5 31. g5 Nc7 32. Kd3 d5 33. Kc2 Nb5 34. Re1
e6 35. Bc3 Na7 36. Be5 Rb7 37. Bc3 Nc6 38. Rb1 Rb5 39. Bd2 Ne7 40. Rh1 Nf5 41.
Rh3 Ke7 42. Bc3 Kd7 43. Ra1 Rb8 44. Re1 Rc6 45. Rb1 Rb5 46. Rhh1 Kc8 47. Kd3 Kb7
48. Bd2 Ka6 49. Bc3 Rb8 50. Kc2 Rf8 51. Kb2 Ng3 52. Rh3 Ne4 53. Be5 Rf7 54. Ra1
Rb7 55. Ra4 c4 56. b4 Nc5 57. Ka3 Nd3 58. Bd4 Rf7 59. Rh1 Kb5 60. Bb6 c3 61. Be3
c2 62. a6 Rc3+ 0-1

[Event "48th Biel Master Open"]
[Site "Biel SUI"]
[Date "2015.07.24"]
[Round "5.19"]
[White "Romanishin, Oleg M"]
[Black "Meier, Volker"]
[Result "1/2-1/2"]
[WhiteTitle "GM"]
[BlackTitle "FM"]
[WhiteElo "2475"]
[BlackElo "2247"]
[WhiteFideId "14100088"]
[BlackFideId "4605802"]
[EventDate "2015.07.20"]

1. Nf3 Nf6 2. c4 g6 3. g3 Bg7 4. Bg2 O-O 5. d4 d6 6. O-O Nbd7 7. d5 e5 8. dxe6
fxe6 9. Nc3 Nc5 10. Be3 Qe7 11. Qc2 a5 12. Rad1 b6 13. Ng5 Rb8 14. a3 Ng4 15.
Bc1 Ne5 16. b4 Nb7 17. Nb5 Nd8 18. Nd4 axb4 19. axb4 c5 20. Nb5 Nef7 21. Nxf7
Nxf7 22. Bf4 Rd8 23. bxc5 bxc5 24. Rb1 Bb7 25. Rb3 Bxg2 26. Kxg2 Rb6 27. Rfb1
Ne5 28. Bxe5 Bxe5 29. Na3 Rxb3 30. Rxb3 d5 31. Nb5 Rc8 32. Re3 Bb8 33. Rf3 Qd7
34. Nc3 Be5 35. Nd1 Bd4 36. Qb3 Qc6 37. h4 Rf8 38. Rxf8+ Kxf8 39. Qb8+ Kg7 40.
Qa7+ Kg8 1/2-1/2

[Event "48th Biel Master Open"]
[Site "Biel SUI"]
[Date "2015.07.24"]
[Round "5.20"]
[White "Schaerer, Julian"]
[Black "Andersen, Mads"]
[Result "1/2-1/2"]
[BlackTitle "IM"]
[WhiteElo "2245"]
[BlackElo "2467"]
[WhiteFideId "1321048"]
[BlackFideId "1413864"]
[EventDate "2015.07.20"]

1. e4 e6 2. Nf3 d5 3. exd5 exd5 4. d4 Nf6 5. Bg5 Be7 6. Bd3 O-O 7. h3 h6 8. Be3
Nc6 9. c3 Bd6 10. Nbd2 Re8 11. O-O Ne4 12. c4 Nb4 13. Bb1 c6 14. a3 Na6 15. cxd5
cxd5 16. Nxe4 dxe4 17. Ne5 Bxe5 18. dxe5 Bf5 19. f4 Qe7 20. Qe2 Red8 21. Kh1 Rd7
22. Bc2 Rad8 23. Rad1 Nc5 24. Rxd7 Rxd7 25. Bxc5 Qxc5 26. Bxe4 Bxe4 27. Qxe4 Qd4
28. Qxd4 Rxd4 29. Rf3 b6 30. Kh2 Kf8 31. Kg3 Rd2 32. b3 Ra2 33. a4 Rc2 34. Rd3
Ke7 35. Kf3 Ke6 36. g4 g6 37. Ke4 Re2+ 38. Re3 Rf2 39. Rf3 Re2+ 40. Kd4 Rd2+ 41.
Kc4 Rd1 42. Kb5 Kd5 43. Ka6 Ke4 44. Rc3 Rd7 45. Rc4+ Kd5 46. Rc8 Ke4 47. Rc4+
Kd5 48. Rc8 Ke4 49. Ra8 Kxf4 50. Rxa7 Rxa7+ 51. Kxa7 Kxe5 52. Kxb6 f5 53. a5 f4
54. a6 f3 55. a7 f2 56. a8=Q f1=Q 57. Qh8+ Ke4 58. Qxh6 Qf6+ 59. Kb5 Qe5+ 60.
Kb4 Qd4+ 61. Kb5 Qe5+ 62. Ka4 Qa1+ 63. Kb5 Qe5+ 1/2-1/2

[Event "48th Biel Master Open"]
[Site "Biel SUI"]
[Date "2015.07.25"]
[Round "6.1"]
[White "Erdos, Viktor"]
[Black "Gharamian, Tigran"]
[Result "1/2-1/2"]
[WhiteTitle "GM"]
[BlackTitle "GM"]
[WhiteElo "2610"]
[BlackElo "2649"]
[WhiteFideId "719978"]
[BlackFideId "13301527"]
[EventDate "2015.07.20"]

1. Nf3 Nf6 2. c4 e6 3. g3 d5 4. Bg2 Be7 5. O-O O-O 6. d4 dxc4 7. Qc2 a6 8. a4
Bd7 9. Qxc4 Bc6 10. Bf4 Bd6 11. Qc1 Nbd7 12. Nc3 b5 13. Rd1 Qb8 14. axb5 1/2-1/2

[Event "48th Biel Master Open"]
[Site "Biel SUI"]
[Date "2015.07.25"]
[Round "6.2"]
[White "Fier, Alexandr"]
[Black "Adhiban, Baskaran"]
[Result "0-1"]
[WhiteTitle "GM"]
[BlackTitle "GM"]
[WhiteElo "2628"]
[BlackElo "2627"]
[WhiteFideId "2107139"]
[BlackFideId "5018471"]
[EventDate "2015.07.20"]

1. d4 Nf6 2. c4 g6 3. Nc3 Bg7 4. e4 d6 5. Be2 O-O 6. Bg5 Na6 7. f4 c6 8. Qd2 b5
9. cxb5 cxb5 10. Bxb5 Rb8 11. a4 d5 12. e5 Ne4 13. Nxe4 dxe4 14. Ne2 Nc7 15. Bc4
Nd5 16. Nc3 Nb4 17. Nxe4 Bf5 18. Ng3 Nc2+ 19. Kf2 Be6 20. Bxe7 Qxe7 21. Qxc2 Qh4
22. Ke3 g5 23. Ne2 gxf4+ 24. Nxf4 Bh6 25. Raf1 Bxc4 26. Qxc4 Rfc8 27. Qd3 Rxb2
28. g3 Qg4 29. Rf2 Bxf4+ 30. gxf4 Rcb8 31. Qf1 R8b3+ 32. Ke4 Qg6+ 33. f5 Qc6+
34. Kf4 Rxf2+ 0-1

[Event "48th Biel Master Open"]
[Site "Biel SUI"]
[Date "2015.07.25"]
[Round "6.3"]
[White "Sutovsky, Emil"]
[Black "Bok, Benjamin"]
[Result "1/2-1/2"]
[WhiteTitle "GM"]
[BlackTitle "GM"]
[WhiteElo "2619"]
[BlackElo "2562"]
[WhiteFideId "2802007"]
[BlackFideId "1017063"]
[EventDate "2015.07.20"]

1. e4 e5 2. Nf3 Nc6 3. Bb5 a6 4. Ba4 Nf6 5. O-O Be7 6. Re1 b5 7. Bb3 d6 8. c3
O-O 9. h3 Re8 10. d4 Bb7 11. a4 exd4 12. cxd4 Na5 13. Bc2 b4 14. Nbd2 c5 15.
dxc5 dxc5 16. b3 Rc8 17. e5 Nd5 18. Ne4 Nc3 19. Nxc3 bxc3 20. Qe2 g6 21. Rb1 Bf6
22. Bf4 Nc6 23. Qc4 Nd4 24. Nxd4 cxd4 25. Qb4 Qd5 26. Be4 Qxe4 27. Rxe4 Bxe4 28.
Rc1 Rxe5 29. Qxd4 Re6 30. Qd7 1/2-1/2

[Event "48th Biel Master Open"]
[Site "Biel SUI"]
[Date "2015.07.25"]
[Round "6.4"]
[White "Dragun, Kamil"]
[Black "Bartel, Mateusz"]
[Result "1/2-1/2"]
[WhiteTitle "GM"]
[BlackTitle "GM"]
[WhiteElo "2586"]
[BlackElo "2631"]
[WhiteFideId "1134167"]
[BlackFideId "1112635"]
[EventDate "2015.07.20"]

1. Nf3 d5 2. g3 Nc6 3. d4 Bg4 4. Bg2 Qd7 5. O-O O-O-O 6. c4 dxc4 7. Nbd2 e5 8.
Nxc4 Bxf3 9. exf3 Nge7 10. Qa4 exd4 11. b4 d3 12. Be3 Nf5 13. Bh3 g6 14. Rab1
Ncd4 15. Qxd7+ Rxd7 16. Ne5 Rd5 17. Kg2 Kb8 18. Nxf7 Rg8 19. Bd2 Bg7 20. Ng5 Bh6
21. Rfd1 Bxg5 22. Bxg5 Ne6 23. Bf6 Rf8 24. Bc3 Ng5 25. Bxf5 Rfxf5 26. Re1 a5 27.
bxa5 Nxf3 28. Re8+ Ka7 29. Rd1 Ne5 1/2-1/2

[Event "48th Biel Master Open"]
[Site "Biel SUI"]
[Date "2015.07.25"]
[Round "6.6"]
[White "Ivanisevic, Ivan"]
[Black "Donchenko, Alexander"]
[Result "0-1"]
[WhiteTitle "GM"]
[BlackTitle "GM"]
[WhiteElo "2662"]
[BlackElo "2567"]
[WhiteFideId "912417"]
[BlackFideId "24603295"]
[EventDate "2015.07.20"]

1. d4 Nf6 2. c4 c5 3. d5 e6 4. Nc3 exd5 5. cxd5 d6 6. e4 g6 7. f4 Bg7 8. Bb5+
Nfd7 9. Be2 O-O 10. Nf3 Na6 11. O-O Nc7 12. a4 a6 13. Kh1 Rb8 14. f5 b5 15. Bg5
Qe8 16. e5 Nxe5 17. f6 Bh8 18. Qd2 Ng4 19. axb5 axb5 20. Bd3 Nxf6 21. Rae1 Qd7
22. Nh4 b4 23. Ne4 Nxe4 24. Rxe4 Nxd5 25. Bh6 Bb7 26. Nf5 Rfe8 27. Rxe8+ Rxe8
28. Bc4 Nb6 29. Qxd6 Bxg2+ 30. Kxg2 Qb7+ 31. Kh3 Nxc4 32. Qxc5 Ne5 33. Nd6 Qd7+
34. Kg2 Qg4+ 35. Kh1 Rd8 36. Qc7 Qd7 37. Qxd7 Rxd7 38. Rc1 Rd8 39. Rc7 Bg7 40.
Bf4 h5 41. Ne4 Nd3 42. Bg5 Re8 43. Nf6+ Bxf6 44. Bxf6 Nxb2 0-1

[Event "48th Biel Master Open"]
[Site "Biel SUI"]
[Date "2015.07.25"]
[Round "6.7"]
[White "Fridman, Daniel"]
[Black "Ulybin, Mikhail"]
[Result "1-0"]
[WhiteTitle "GM"]
[BlackTitle "GM"]
[WhiteElo "2639"]
[BlackElo "2520"]
[WhiteFideId "11600454"]
[BlackFideId "4101405"]
[EventDate "2015.07.20"]

1. c4 c5 2. Nf3 Nf6 3. Nc3 e6 4. d4 cxd4 5. Nxd4 Bb4 6. g3 O-O 7. Bg2 d5 8. cxd5
Nxd5 9. Qb3 Qa5 10. Bd2 Nc6 11. Nxc6 bxc6 12. O-O Bxc3 13. bxc3 Ba6 14. Rfd1 Qc5
15. e4 Bc4 16. Qa4 Nb6 17. Qb4 Qh5 18. Be3 Be2 19. Rd2 Rab8 20. Bxb6 axb6 21.
Qd6 Bf3 22. Qxc6 Bxg2 23. Kxg2 Qe5 24. Qc4 Rfc8 25. Qd4 Qa5 26. Rb1 h6 27. Rb3
Rc6 28. Rdb2 Rbc8 29. Rxb6 Rc4 30. Qe3 Rxc3 31. Qf4 Qc5 32. Rb8 Qf8 33. Rxc8
Rxc8 34. Rb7 Qe8 35. a4 e5 36. Qf3 Ra8 37. Qb3 g6 38. a5 Kg7 39. Qd5 Ra6 40. Qb5
Qxb5 41. Rxb5 Re6 42. Rb6 Re7 43. a6 Rc7 44. Rb5 Ra7 45. Ra5 Kf6 46. Kf3 Ke6 47.
Ke3 Kd6 48. Kd3 h5 49. Kc4 Kc6 50. Kb4 Ra8 51. h4 Rb8+ 52. Kc4 Ra8 53. a7 Kb6
54. Ra2 Kc6 55. Ra6+ Kb7 56. Kb5 1-0

[Event "48th Biel Master Open"]
[Site "Biel SUI"]
[Date "2015.07.25"]
[Round "6.8"]
[White "Solak, Dragan"]
[Black "Wirig, Anthony"]
[Result "1-0"]
[WhiteTitle "GM"]
[BlackTitle "GM"]
[WhiteElo "2622"]
[BlackElo "2511"]
[WhiteFideId "916811"]
[BlackFideId "615013"]
[EventDate "2015.07.20"]

1. e4 e5 2. Nf3 Nc6 3. Bb5 a6 4. Bxc6 dxc6 5. O-O Bg4 6. h3 h5 7. d3 Qf6 8. Nbd2
g5 9. b3 Qg7 10. Nc4 Bxf3 11. Qxf3 g4 12. Qg3 gxh3 13. Qxe5+ Qxe5 14. Nxe5 hxg2
15. Kxg2 Bg7 16. Bb2 Nf6 17. f3 Nd7 18. Nc4 Bxb2 19. Nxb2 f5 20. Nd1 Ke7 21. Kf2
Rag8 22. Ne3 fxe4 23. dxe4 Nc5 24. Rh1 Kf6 25. Rh4 Rg5 26. Rah1 a5 27. a3 Ne6
28. f4 Rb5 29. e5+ Ke7 30. Nf5+ Kd8 31. Ke3 Re8 32. Rxh5 Nxf4 33. Kxf4 Rbxe5 34.
Rh8 Re2 35. Rxe8+ Rxe8 36. Nd4 c5 37. Nf5 Kc8 38. Rh7 b6 39. Ne7+ Kd7 40. Nd5+
Kc6 41. c4 a4 42. bxa4 Ra8 43. Rxc7+ Kd6 44. Rd7+ Kc6 45. Ke5 1-0

[Event "48th Biel Master Open"]
[Site "Biel SUI"]
[Date "2015.07.25"]
[Round "6.9"]
[White "Wagner, Dennis"]
[Black "Brkic, Ante"]
[Result "1-0"]
[WhiteTitle "GM"]
[BlackTitle "GM"]
[WhiteElo "2569"]
[BlackElo "2607"]
[WhiteFideId "24650684"]
[BlackFideId "14506688"]
[EventDate "2015.07.20"]

1. d4 Nf6 2. c4 e6 3. Nf3 d5 4. g3 dxc4 5. Bg2 Bb4+ 6. Bd2 a5 7. a3 Bxd2+ 8.
Nbxd2 b5 9. b3 cxb3 10. Qxb3 c6 11. O-O O-O 12. Rfc1 Bb7 13. Qb2 Na6 14. Ne5 Nd5
15. Nxc6 Bxc6 16. Rxc6 b4 17. axb4 Naxb4 18. Rc5 a4 19. Rc4 Qa5 20. e4 Nd3 21.
Qc2 N5b4 22. Qc3 e5 23. Bf1 exd4 24. Rxd4 Rad8 25. Rxd3 1-0

[Event "48th Biel Master Open"]
[Site "Biel SUI"]
[Date "2015.07.25"]
[Round "6.10"]
[White "Yilmaz, Mustafa"]
[Black "Lampert, Jonas"]
[Result "1-0"]
[WhiteTitle "GM"]
[BlackTitle "IM"]
[WhiteElo "2582"]
[BlackElo "2448"]
[WhiteFideId "6302718"]
[BlackFideId "1303759"]
[EventDate "2015.07.20"]

1. d4 d5 2. c4 c6 3. Nc3 dxc4 4. e3 b5 5. a4 b4 6. Ne4 Qd5 7. Ng3 Nf6 8. Be2 e5
9. Nf3 exd4 10. exd4 Bd6 11. Nf1 c3 12. Ne3 cxb2 13. Bxb2 Qe6 14. O-O O-O 15.
Bd3 Nd5 16. Bxh7+ Kh8 17. Nxd5 Qxd5 18. Bd3 Bg4 19. Re1 Bxf3 20. Qxf3 Qxf3 21.
gxf3 Nd7 22. Rac1 Nb6 23. a5 Na4 24. Ba1 Nc3 25. Bxc3 bxc3 26. Re4 Rfc8 27. Rxc3
Bb4 28. Rb3 Bxa5 29. Rh4+ Kg8 30. Bh7+ Kf8 31. Bf5 Re8 32. Rh8+ Ke7 33. Re3+ 1-0

[Event "48th Biel Master Open"]
[Site "Biel SUI"]
[Date "2015.07.25"]
[Round "6.11"]
[White "Esen, Baris"]
[Black "Cebalo, Miso"]
[Result "1/2-1/2"]
[WhiteTitle "GM"]
[BlackTitle "GM"]
[WhiteElo "2567"]
[BlackElo "2397"]
[WhiteFideId "6302114"]
[BlackFideId "14500094"]
[EventDate "2015.07.20"]

1. Nf3 c5 2. c4 g6 3. d4 cxd4 4. Nxd4 Nf6 5. Nc3 Nc6 6. e4 Nxd4 7. Qxd4 d6 8.
Be3 Bg7 9. f3 O-O 10. Qd2 a5 11. b3 a4 12. b4 Be6 13. Rc1 a3 14. Be2 Qd7 15. O-O
Rfc8 16. Nb5 Ne8 17. Nd4 Bxd4 18. Bxd4 f6 19. Rc3 Nc7 20. Bb6 Ra4 21. Rb1 Qe8
22. Qc1 Na6 23. b5 Nc5 24. Rxa3 Rxa3 25. Qxa3 Ra8 26. Qe3 Rxa2 27. e5 fxe5 28.
Bxc5 dxc5 29. Qxe5 Qf7 30. Bf1 Qf5 31. Re1 Kf7 32. Qh8 h5 33. Qh7+ Kf6 34. Re4
Qg5 35. Qh8+ Kf7 36. Qh7+ Kf6 37. g3 Qd2 38. Qh8+ Kf7 39. Re2 Qa5 40. Qh7+ Kf6
41. Qh8+ 1/2-1/2

[Event "48th Biel Master Open"]
[Site "Biel SUI"]
[Date "2015.07.25"]
[Round "6.12"]
[White "Meins, Gerlef"]
[Black "Heimann, Andreas"]
[Result "1/2-1/2"]
[WhiteTitle "IM"]
[BlackTitle "IM"]
[WhiteElo "2436"]
[BlackElo "2557"]
[WhiteFideId "4620895"]
[BlackFideId "24624632"]
[EventDate "2015.07.20"]

1. Nf3 c5 2. c4 Nc6 3. Nc3 Nf6 4. g3 d5 5. d4 e6 6. cxd5 Nxd5 7. Bg2 cxd4 8.
Nxd4 Nxc3 9. bxc3 Nxd4 10. Qxd4 Qxd4 11. cxd4 Bd6 12. Bf4 Ke7 13. Bxd6+ Kxd6 14.
f4 Rb8 15. Kd2 Bd7 16. Rhc1 b6 17. e4 Rhc8 18. e5+ Ke7 19. g4 b5 20. Rc5 Rxc5
21. dxc5 Rc8 22. Rc1 Bc6 23. Bxc6 Rxc6 24. a4 bxa4 25. Kd3 a3 26. Kc4 a2 27. Ra1
Ra6 28. Kb5 Ra3 29. Kb4 Ra6 1/2-1/2

[Event "48th Biel Master Open"]
[Site "Biel SUI"]
[Date "2015.07.25"]
[Round "6.13"]
[White "Haimovich, Tal"]
[Black "Can, Emre"]
[Result "1/2-1/2"]
[WhiteTitle "IM"]
[BlackTitle "GM"]
[WhiteElo "2361"]
[BlackElo "2547"]
[WhiteFideId "2801698"]
[BlackFideId "6302181"]
[EventDate "2015.07.20"]

1. e4 c5 2. Nf3 d6 3. d4 cxd4 4. Nxd4 Nf6 5. Nc3 g6 6. Be3 Bg7 7. Be2 O-O 8. O-O
Nc6 9. Qd2 Bd7 10. Rad1 Rc8 11. Rfe1 a6 12. a4 Re8 13. f3 Qa5 14. Nb3 Qc7 15.
Bf1 Na5 16. Qf2 Nxb3 17. cxb3 Be6 18. b4 Nd7 19. Rc1 Qb8 20. Ba7 Qa8 21. Bd4
Bxd4 22. Qxd4 Ne5 23. Nd5 Bxd5 24. exd5 Rxc1 25. Rxc1 Rc8 26. Rc3 Rxc3 27. bxc3
a5 28. Bb5 axb4 29. cxb4 Qc8 30. Qd2 Qf5 31. a5 h5 32. h3 g5 33. Bf1 g4 34. f4
Ng6 35. hxg4 Qxg4 36. Be2 Qf5 37. g3 h4 38. Kh2 hxg3+ 39. Kxg3 Qf6 40. Kf3 Nh4+
41. Ke4 Qf5+ 42. Kd4 Ng6 43. Bd3 Qf6+ 44. Kc4 Nxf4 45. Kb5 Qg5 46. Bc4 e6 47.
Bb3 Kf8 48. Qc1 Qg3 49. Qc7 Qxb3 50. Qxd6+ Kg7 51. Qxf4 Qxd5+ 52. Kb6 e5 53.
Qg5+ Kf8 54. b5 Ke8 55. Qf5 Ke7 56. Qg5+ Ke8 57. Qg8+ Ke7 1/2-1/2

[Event "48th Biel Master Open"]
[Site "Biel SUI"]
[Date "2015.07.25"]
[Round "6.14"]
[White "Giulian, Philip M"]
[Black "Rambaldi, Francesco"]
[Result "1/2-1/2"]
[WhiteTitle "FM"]
[BlackTitle "IM"]
[WhiteElo "2136"]
[BlackElo "2513"]
[WhiteFideId "2400197"]
[BlackFideId "20657307"]
[EventDate "2015.07.20"]

1. d4 d6 2. e4 Nf6 3. f3 d5 4. e5 Nfd7 5. c3 c5 6. Na3 Nc6 7. Nc2 Qa5 8. f4 cxd4
9. Nxd4 Nxd4 10. Qxd4 Nb8 11. Nf3 Nc6 12. Qd3 g6 13. Nd4 Bg7 14. Qb5 Qxb5 15.
Bxb5 Bd7 16. Bxc6 Bxc6 17. Be3 Bd7 18. a4 a6 19. Kd2 Rc8 20. Kd3 Rc4 21. b3 Rc7
22. Ra2 Bf5+ 23. Nxf5 gxf5 24. Rc1 Kd7 25. Bd4 Ke6 26. Rac2 Bh6 27. Rf1 Rb8 28.
a5 Rg8 29. Ra2 Kd7 30. Rff2 Rg4 31. Ke3 Rc6 32. Ra4 Bf8 33. Rb4 Kc8 34. Ra4 Kb8
35. Kd3 Rcg6 36. Raa2 Rh6 37. g3 Rc6 38. Rfc2 Rgg6 39. Bf2 Rc8 40. Ra1 Rgc6 41.
Rac1 e6 42. Ra1 Be7 43. Rac1 h5 44. h4 Bc5 45. Bxc5 Rxc5 46. Ra1 Rg8 47. Rg2 Rg6
48. Kd4 Rc8 49. Rc1 Rcg8 50. Rcg1 Kc7 51. Kc5 Rg4 52. c4 dxc4 53. Kxc4 Rd8 54.
b4 Rd5 55. Re1 Rg8 56. Re3 Kb8 57. Rc2 Rd1 58. Kb3 Rgd8 59. Rec3 Rg1 60. Rc1
Rdd1 61. Rxd1 Rxd1 62. Kc2 Rg1 63. Kb2 Rg2+ 64. Kb3 Rd2 65. Rc2 Rd1 66. Rc3 Rd5
67. Kc2 Rd4 68. Kb3 Rd2 69. Rc2 Rd1 70. Rc5 Ka7 71. Rc8 Rd3+ 72. Rc3 Rd8 73. Rc7
Rd3+ 1/2-1/2

[Event "48th Biel Master Open"]
[Site "Biel SUI"]
[Date "2015.07.25"]
[Round "6.15"]
[White "Sayadyan, Edvard"]
[Black "Zoler, Dan"]
[Result "0-1"]
[BlackTitle "GM"]
[WhiteElo "1974"]
[BlackElo "2498"]
[WhiteFideId "13304909"]
[BlackFideId "2800705"]
[EventDate "2015.07.20"]

1. e4 e5 2. Nf3 Nc6 3. d4 exd4 4. Nxd4 Nf6 5. Nxc6 bxc6 6. e5 Qe7 7. Qe2 Nd5 8.
c4 Nb6 9. Nc3 Bb7 10. Bd2 Qe6 11. O-O-O O-O-O 12. f4 Be7 13. g4 f6 14. exf6 Qxf6
15. Bg2 Rde8 16. Qd3 Qe6 17. b3 Qxg4 18. Bh3 Qh5 19. Na4 Rd8 20. Nxb6+ axb6 21.
Bc3 Rhf8 22. Bxd7+ Kb8 23. Qc2 Bd6 24. Be6 Qh6 25. Rde1 Rfe8 26. Bf5 g6 27. Rxe8
Rxe8 28. Bd3 Bxf4+ 29. Bd2 Rf8 30. Rf1 c5 31. h3 Bc8 32. Kb1 Bxd2 33. Rxf8 Qxf8
34. Qxd2 Bxh3 35. b4 Qd6 36. Qe3 Qxd3+ 0-1

[Event "48th Biel Master Open"]
[Site "Biel SUI"]
[Date "2015.07.25"]
[Round "6.16"]
[White "Cherniaev, Alexander"]
[Black "Haussernot, Cecile"]
[Result "1-0"]
[WhiteTitle "GM"]
[BlackTitle "WFM"]
[WhiteElo "2483"]
[BlackElo "2004"]
[WhiteFideId "4117301"]
[BlackFideId "601632"]
[EventDate "2015.07.20"]

1. d4 Nf6 2. Bg5 d5 3. Bxf6 exf6 4. e3 Bd6 5. Nd2 O-O 6. g3 Re8 7. Bg2 c6 8. Ne2
Bg4 9. O-O Qd7 10. c4 dxc4 11. Nxc4 Bc7 12. Re1 Na6 13. a3 b5 14. Nd2 Rad8 15.
b4 c5 16. Nb3 c4 17. Nd2 Bb6 18. Ne4 f5 19. N4c3 Nc7 20. Qc2 g5 21. Kh1 Bh5 22.
Qd2 h6 23. Rf1 Re6 24. Ra2 Rd6 25. Rfa1 a5 26. d5 f6 27. e4 Kg7 28. f3 fxe4 29.
fxe4 Re8 30. Nd4 Bg6 31. Rf1 Rd8 32. Qd1 Re8 33. Raf2 axb4 34. axb4 Re5 35. Ra2
Kh7 36. Nc6 Re8 37. Ra1 Qg7 38. Qd2 h5 39. Rae1 Qd7 40. Qc1 Qg7 41. e5 fxe5 42.
Qxg5 Bd3 43. Be4+ Bxe4+ 44. Nxe4 Qxg5 45. Nxg5+ Kg7 46. Ne4 Rxd5 47. Nf6 Re6 48.
Nxd5 Nxd5 49. Rxe5 Rxe5 50. Nxe5 c3 51. Nd3 Be3 52. Rf5 Nb6 53. Rxb5 c2 54. Re5
Nc4 55. Re7+ Kf6 56. Rc7 Nb2 57. Rxc2 Nxd3 58. Rc3 Nf2+ 59. Kg2 Bd2 60. Rc6+ Kf5
61. Kxf2 Bxb4 62. Kf3 1-0